Business Ethics and Corporate Social Responsibility (Record no. 1991)

MARC details
005 - DATE AND TIME OF LATEST TRANSACTION
control field 20250506101051.0
020 ## - INTERNATIONAL STANDARD BOOK NUMBER
International Standard Book Number 0-558-87460-6
082 ## - DEWEY DECIMAL CLASSIFICATION NUMBER
Classification number LECT 174.4 KIS
100 ## - MAIN ENTRY--PERSONAL NAME
Author name KISSICK, W. P.
245 ## - TITLE STATEMENT
Title Business Ethics and Corporate Social Responsibility
250 ## - EDITION STATEMENT
Edition statement 2nd Ed.
260 ## - PUBLICATION, DISTRIBUTION, ETC.
Place of publication, distribution, etc. New York,
Name of publisher, distributor, etc. Pearson Learning Solution,
Date of publication, distribution, etc. 2011.
300 ## - PHYSICAL DESCRIPTION
Extent vii, 373p,: ill.; figure.
Dimensions 23cm.
700 ## - ADDED ENTRY--PERSONAL NAME
Other authors/Editors PHELAN, J & COULTER, C.
942 ## - ADDED ENTRY ELEMENTS (KOHA)
Source of classification or shelving scheme Dewey Decimal Classification
Koha item type Books
Holdings
Date last seen Total checkouts Full call number Barcode Price effective from Koha item type Lost status Source of classification or shelving scheme Damaged status Not for loan Withdrawn status Home library Current library Shelving location Date acquired Cost, normal purchase price
05/06/2025   LECT 174.4 KIS 0000007671 05/06/2025 Books   Dewey Decimal Classification       College of Business Education Main Library College of Business Education Main Library General Collection 11/28/2014 40000.00
05/06/2025   LECT 174.4 KIS 0000007672 05/06/2025 Books   Dewey Decimal Classification       College of Business Education Main Library College of Business Education Main Library General Collection 11/28/2014 40000.00